000 00440nam a2200181Ia 4500
005 20240823033317.0
008 240823s9999||||xx |||||||||||||| ||und||
041 _aENGLISH
082 _A510 P2
100 _aNarayanan et al.
245 0 _aAdvanced Mathematics for Engineering Students
250 _a1st
260 _c2002
_bS Viswanathan PV
500 _aYES
650 _aMathematics
_bMathematics
942 _cBK
999 _c195510
_d195510